| 000 | 00688nam a2200193Ia 4500 | ||
|---|---|---|---|
| 003 | GCL | ||
| 008 | 140319s9999 xx 000 0 ara d | ||
| 040 |
_aGCL / _cGCL |
||
| 082 | 0 | 4 |
_a327.117973 _bا ا |
| 100 | 1 | _aابراهيم نافع | |
| 245 | 1 | 0 |
_aانفجار سبتمبر بين العولمة والأمركة / _cابراهيم نافع |
| 260 |
_aالقاهرة : _bمؤسسة الاهرام ، _c2002 |
||
| 300 |
_a255 ص ؛ _c24 سم |
||
| 650 | 0 | 4 | _aالجرائم الدولية |
| 650 | 0 | 4 | _aجرائم ضد الانسانية |
| 650 | 0 | 4 | _aاحداث 11 سبتمبر |
| 650 | 0 | 4 | _aالارهاب - الولايات المتحدة الامريكية |
| 942 |
_2ddc _cBK |
||
| 999 |
_c6490 _d6490 |
||